Normal view MARC view

Entry Meeting Name

Number of records used in: 1

001 - CONTROL NUMBER

  • control field: 341

003 - CONTROL NUMBER IDENTIFIER

  • control field: csc

005 - DATE AND TIME OF LATEST TRANSACTION

  • control field: 20140507162049.0

008 - FIXED-LENGTH DATA ELEMENTS

  • fixed length control field: 110324|||a|||||| | ||| d

040 ## - CATALOGING SOURCE

  • Original cataloging agency: csc
  • Transcribing agency: csc

111 ## - HEADING--MEETING NAME

  • Meeting name or jurisdiction name as entry element: Glyndebourne Festival Opera.

670 ## - SOURCE DATA FOUND

  • Source citation: Work cat.: (csc)0: Giulio Cesare, 2006.